Представление документа в формате RUSMARC

ПолеНазваниеЗначение
  Тип записи a
  Библиографический уровень a
001 Контрольный номер RU/CBS_UL/BASE/e913d8fa7cc84533bec24dbf649dcbb9
005 Дата корректировки 20260325161030.5
100 Данные общей обработки __
a Данные общей обработки 20260325 ||| 0rusy0189 ca
101 Язык документа 0_
a Язык текста rus
102 Страна публикации __
a Страна публикации RU
200 Заглавие и сведения об ответственности 1_
a Заглавие Поставить всё нак карту! Артисты-игроманы
e Сведения, относящиеся к заглавию [проблема игромании в среде творческих людей]
f Первые сведения об ответственности А. Бумагина
300 Общие примечания __
a Общие примечания 16+
461 Уровень набора _0
1 2000
a Дарья. Биография
463 Уровень физической единицы _0
1 2000
a № 3
v С. 6-7 : фот.
1 2101
d 2026
1 001RU/CBS_UL/BASE/8a545d0a4e7c449cbd5f34bb5f136998
606 Тематические рубрики 0_
a Основная рубрика Игромания
610 Ключевые слова 0_
a Ключевые слова игры азартные, азартные игры, игромания, проблема игромании, артисты-игроманы
686 Индексы других классификаций __
2 Код системы rubbk
a Классификационный индекс 88.742.11
700 Автор _1
a Фамилия Бумагина
b Имя (инициалы) А.
801 Источник записи _0
a Страна RU
b Организация МБУК ЦБС г. Ульяновска
c Дата составления 20260325
g Правила каталогизации RCR
801 Источник записи _1
a Страна RU
b Организация МБУК ЦБС г. Ульяновска
c Дата составления 20260325
g Правила каталогизации RCR
901 Тип документа __
t Тип документа b
w Контрольный № источника RU/CBS_UL/BASE/8a545d0a4e7c449cbd5f34bb5f136998
909 Создатель записи __
a Создатель записи lib1